000 00870nam a22002651 4500
003 OSt
005 20151117101956.0
008 900725s1984 sp spa
020 _a84-320-3909-8
040 _cBMC
082 _a863
100 1 _940
_aChateaubriand, François-René
_d1768-1848
_cvicomte de
245 1 0 _aAtala ;
_bRené
_cVizconde de Chateaubriand ; introducción, Gabriel Oliver ; traducción, Sebastián Juan Arbó y Julio Gómez de ls Serna
250 _a1ª ed
260 0 _aBarcelona
_bPlaneta
_c1984
300 _a139 p.
_c18 cm
490 0 _aClásicos universales Planeta
_v77
650 2 4 _911443
_aNovela francesa
700 1 _937171
_aOliver, Gabriel
_d1937-2006
700 1 _9681
_aJuan Arbó, Sebastián
_d1902-1984
700 1 _9188
_aGómez de la Serna, Julio
740 0 1 _aRené
740 3 1 _aEl Ultimo Abencerraje
942 _2ddc
_cBK
999 _c23559
_d23559